Capital de A_F - Statistiques

Statistiques générales
  • Ce quiz a été pris 66 fois
  • Le résultat moyen est 12 sur 15
Statistiques - réponses
Hint Réponse % Correct
Brasilia Brésil
100%
Paris France
100%
Amsterdam Pays bas
98%
Ottawa Canada
97%
Oslo Norvège
97%
Lima Pérou
97%
La havane Cuba
95%
Bogota Colombie
92%
Beyrouth Liban
92%
Ankara Turquie
92%
Erevan Arménie
78%
Dhaka Bangladesh
49%
Lomé Togo
49%
Porto-novo Bénin
38%
Londres Royaume unis
25%
Aucun quiz correspondant
Distribution des résultats
% des personnes avec chaque résultat
Percentile par nombre de réponses
Votre historique - résultats
Vous n’avez pas pris ce quiz